The asbestos challenge (Record no. 74420)
[ view plain ]
| 000 -LEADER | |
|---|---|
| fixed length control field | 01387cab a2200241 4500 |
| 001 - CONTROL NUMBER | |
| control field | ABS67796 |
| 008 - FIXED-LENGTH DATA ELEMENTS--GENERAL INFORMATION | |
| fixed length control field | 040603n2004 000 0 eng u |
| 035 ## - SYSTEM CONTROL NUMBER | |
| System control number | (Sirsi) u126398 |
| 100 ## - MAIN ENTRY--PERSONAL NAME | |
| Personal name | Sellahewa, T. |
| 245 #4 - TITLE STATEMENT | |
| Title | The asbestos challenge |
| 260 ## - PUBLICATION, DISTRIBUTION, ETC. | |
| Date of publication, distribution, etc. | 2004 |
| 490 ## - SERIES STATEMENT | |
| Series statement | Building |
| Volume/sequential designation | 269(8232) 14 May 2004, 54-55(2) |
| 520 ## - SUMMARY, ETC. | |
| Summary, etc. | Discusses the Control of Asbestos at Work Regulations 2002 Reg 4 which came into force on 21 May 2004. It updates the existing regulations by introducing a duty on all property owners, landlords, tenants, surveyors and managing agents to manage and control asbestos in business properties. Points out the duties under Reg 4, which include establishing whether the property contains asbestos and keeping a record of the location, quantity and condition of asbestos that has been found. The new regulations are likely to be vigorously enforced by HSE inspectors who will carry out regular visits and conduct checks on the management plans. |
| 590 ## - LOCAL NOTE (RLIN) | |
| Local note | ABS |
| 650 ## - SUBJECT ADDED ENTRY--TOPICAL TERM | |
| Topical term or geographic name entry element | CONTROL OF ASBESTOS AT WORK REGULATIONS 2002 |
| 650 ## - SUBJECT ADDED ENTRY--TOPICAL TERM | |
| Topical term or geographic name entry element | CONTROL OF ASBESTOS AT WORK REGULATIONS 2002 REG 4 |
| 650 ## - SUBJECT ADDED ENTRY--TOPICAL TERM | |
| Topical term or geographic name entry element | MANAGEMENT-HEALTH AND SAFETY-HAZARDOUS SUBSTANCES-ASBESTOS |
| 650 ## - SUBJECT ADDED ENTRY--TOPICAL TERM | |
| Topical term or geographic name entry element | BUILT ENVIRONMENT-BUILDING MATERIALS |
| 650 ## - SUBJECT ADDED ENTRY--TOPICAL TERM | |
| Topical term or geographic name entry element | MANAGEMENT PLANS |
| 650 ## - SUBJECT ADDED ENTRY--TOPICAL TERM | |
| Topical term or geographic name entry element | FACILITIES MANAGEMENT |
| 9 (RLIN) | 6240 |
| 690 ## - LOCAL SUBJECT ADDED ENTRY--TOPICAL TERM (OCLC, RLIN) | |
| Topical term or geographic name as entry element | BUILT ENVIRONMENT-BUILDING MATERIALS |
| 942 ## - ADDED ENTRY ELEMENTS (KOHA) | |
| Suppress in OPAC | 0 |
| Withdrawn status | Lost status | Source of classification or shelving scheme | Damaged status | Not for loan | Home library | Current library | Shelving location | Date acquired | Total Checkouts | Full call number | Barcode | Date last seen | Copy number | Price effective from | Koha item type |
|---|---|---|---|---|---|---|---|---|---|---|---|---|---|---|---|
| Dewey Decimal Classification | London | London | Journal article | 07/06/2004 | ABS67796 | 126398-1001 | 06/08/2019 | 1 | 06/08/2019 | Journal article |